00623nam a22001817a 450000500170000001000150001702000260003203500140005803700130007208200080008524501270009326000470022027000810026730000330034870000210038170000190040270000200042120220825142410.0 aENG-134645 a9788184503029c880.00 aEN-118177 bDBAD/PUB a100 aEcological perceptions in marxism and gandhism/cEdited by Rajdeva Narayan and Janardan Kumar; foreword by Sachar Rajinder aNew Delhi c2011bDeep & deep publications aF-159, Rajouri gardenbNew delhie110027k011-25435369mddpbooks@yahoo.co.in axxiv, 231p.c23cm(hb)bIndex aNarayan, Rajdeva aJanardan Kumar aSachar Rajinder